| 000 | 00499nam a2200181Ia 4500 | ||
|---|---|---|---|
| 008 | 090123s9999 xx 000 0 und d | ||
| 082 | _b3618 | ||
| 100 | _aभागवत भा.रा. | ||
| 245 | _aछबू राजा | ||
| 250 | _a1 | ||
| 260 |
_bसामंत कृ.रा. _c1974 |
||
| 300 | _a140 | ||
| 600 | _aभागवत भा.रा. | ||
| 630 | _aछबू राजा | ||
| 700 | _aभागवत भा.रा. | ||
| 730 | _aछबू राजा | ||
| 942 | _cBOOK | ||
| 999 |
_c41698 _d41698 |
||